Statistics for Languages Quiz 1

Click here to take the quiz!

General Stats

  • This quiz has been taken 19 times
  • The average score is 8 of 12

Answer Stats

HintAnswer% Correct
Quran is written in what languageArabic
95%
Silent letter in SpanishH
95%
Dutch-derived language spoken in South AfricaAfrikaans
89%
Letter not existing in Icelandic language but exists in the country nameC
89%
Third letter in GreekGamma
89%
Official and most language of CambodiaKhmer
89%
Its two main dialects/written varieties are Bokmål and NynorskNorwegian
89%
Bengali, Gujarati, Hindi, and Punjabi are descendants of what languageSanskrit
74%
Thou, thee and thy are from what languageOld English
53%
Letter combination CH is pronounced [k] in what languageItalian
37%
Is an English-based creole language spoken primarily in Jamaica and among the Jamaican diaspora.Jamaican Patois
37%
Japanese accent/dialect mostly used in Osaka, Kyoto, Kobe, and NaraKansai
11%

Score Distribution

Percentile by Number Answered

Percent of People with Each Score

Your Score History

You have not taken this quiz